Statistics for The Devil's Dictionary

Click here to take the quiz!

General Stats

  • This quiz has been taken 12 times
  • The average score is 4 of 11

Answer Stats

Devil's Dictionary DefinitionWordBegins with% Correct
A period of three hundred and sixty-five disappointments.YearY
92%
One, who in a perilous emergency thinks with his legs.CowardC
58%
Once too often.TwiceT
58%
To create a vacancy without nominating a successor.KillK
42%
In bad company.AloneA
33%
A person with a Caucasian body and a Mongolian soul.RussianR
25%
Devoid of consideration for the selfishness of others.SelfishS
25%
A tyrant's authority for crime and fool's excuse for failure.DestinyD
17%
A writer who guesses his way to the truth and dispels it with a tempest of wordsReporterR
17%
An ingenious substitute for the chain and whip of the slave-driver.DebtD
8%
To lay the foundation for a future offence.ApologizeA
0%

Score Distribution

Percentile by Number Answered

Percent of People with Each Score

Your Score History

You have not taken this quiz